000 00644nam a2200217Ii 4500
003 JO-AjNU
008 230606s9999||||xx |||||||||||||| ||und||
020 _a81-224-212X
040 _aJO-AjNU
_beng
_erda
_cJO-AjNU
041 _aeng
050 1 4 _aQA276.4.2008
100 3 _aBHATTACharjee,dibyojyoti,
_eauthor
_93857
245 0 2 _aA hand book of Statistical Graphics
250 _a1 ed
264 3 1 _anew delh:new age international publishers:i,2013
300 _a110p
336 _atext
_btxt
_2rdacontent
337 _aunmediated
_bn
_2rdamedia
338 _avolume
_bnc
_2rdacarrier
650 4 _aAhand book of Statistical Graphics
_93858
999 _aE2012
_c2011
_d2011